[Event "European Youth Chess Championship B14"]
[Site "Prague, Top Hotel Prague"]
[Date "2012.08.18"]
[Round "2.1"]
[White "Melnikov, Egor"]
[Black "Artemiev, Vladislav"]
[Result "0-1"]
[PlyCount "0"]
[BlackElo "2476"]
[WhiteElo "2033"]

1. e4 {[%clk 1:30:57]} c5 {[%clk 1:30:53]} 2. Nf3 {[%clk 1:31:10]} d6
{[%clk 1:31:17]} 3. Nc3 {[%clk 1:31:35]} Nf6 {[%clk 1:31:39]} 4. d4
{[%clk 1:31:49]} cxd4 {[%clk 1:32:02]} 5. Nxd4 {[%clk 1:32:13]} a6
{[%clk 1:32:23]} 6. Be2 {[%clk 1:32:14]} e6 {[%clk 1:32:33]} 7. Be3
{[%clk 1:32:13]} Qc7 {[%clk 1:32:51]} 8. O-O {[%clk 1:31:49]} b5 {[%clk 1:31:24]}
9. Bf3 {[%clk 1:06:39]} Bb7 {[%clk 1:30:50]} 10. a4 {[%clk 0:51:14]} b4
{[%clk 1:29:54]} 11. Na2 Nxe4 {[%clk 1:28:41]} 12. Nxb4 {[%clk 0:49:20]} d5
{[%clk 1:25:36]} 13. Nd3 {[%clk 0:43:08]} Bd6 {[%clk 1:25:05]} 14. g3
{[%clk 0:42:43]} O-O {[%clk 1:25:12]} 15. Bg2 {[%clk 0:39:24]} Nd7
{[%clk 1:23:03]} 16. f3 {[%clk 0:35:16]} Nef6 {[%clk 1:22:07]} 17. f4
{[%clk 0:35:15]} Rac8 {[%clk 1:19:31]} 18. a5 {[%clk 0:30:27]} Rfe8
{[%clk 1:17:04]} 19. c3 {[%clk 0:27:58]} Ne4 {[%clk 1:11:42]} 20. Nf2
{[%clk 0:22:04]} Ndf6 {[%clk 1:05:35]} 21. Qd3 {[%clk 0:18:52]} Qb8
{[%clk 1:02:23]} 22. Nxe4 {[%clk 0:17:07]} Nxe4 {[%clk 1:00:42]} 23. Bxe4
{[%clk 0:16:36]} dxe4 {[%clk 1:01:08]} 24. Qd2 {[%clk 0:16:52]} Qc7
{[%clk 0:54:28]} 25. Rfc1 {[%clk 0:15:30]} e5 {[%clk 0:46:41]} 26. fxe5
{[%clk 0:14:01]} Bxe5 {[%clk 0:47:08]} 27. Qf2 {[%clk 0:13:36]} Bd5
{[%clk 0:45:16]} 28. b4 {[%clk 0:13:04]} Qc4 {[%clk 0:42:26]} 29. Rab1
{[%clk 0:12:04]} Rb8 {[%clk 0:40:22]} 30. Rb2 {[%clk 0:11:44]} h5
{[%clk 0:39:26]} 31. Rbc2 {[%clk 0:09:58]} Bxd4 {[%clk 0:37:28]} 32. cxd4
{[%clk 0:08:54]} Qxb4 {[%clk 0:37:56]} 33. Qd2 {[%clk 0:08:28]} Qa3
{[%clk 0:37:20]} 34. Kf2 {[%clk 0:05:48]} Rb5 {[%clk 0:27:40]} 35. Rc5
{[%clk 0:03:23]} Reb8 {[%clk 0:27:32]} 36. R1c2 {[%clk 0:01:18]} Rb2
{[%clk 0:16:46]} 37. Qe2 {[%clk 0:01:03]} h4 {[%clk 0:08:44]} 38. Bd2
{[%clk 0:00:43]} Rxc2 {[%clk 0:07:31]} 39. Rxc2 {[%clk 0:01:12]} Qa4
{[%clk 0:06:11]} 40. Bc3 {[%clk 0:30:33]} e3+ {[%clk 0:36:09]} 41. Kg1
{[%clk 0:26:58]} Rb1+ {[%clk 0:35:37]} 42. Be1 {[%clk 0:25:46]} Qxc2
{[%clk 0:35:52]} 0-1

[Event "European Youth Chess Championship B14"]
[Site "Prague, Top Hotel Prague"]
[Date "2012.08.18"]
[Round "2.2"]
[White "Duda, Jan-Krzysztof"]
[Black "Percivaldi, Martin"]
[Result "1-0"]
[PlyCount "0"]
[BlackElo "2024"]
[WhiteElo "2411"]

1. e4 {[%clk 1:30:58]} e6 {[%clk 1:30:53]} 2. d4 {[%clk 1:31:22]} d5
{[%clk 1:31:13]} 3. Nc3 {[%clk 1:31:44]} Bb4 {[%clk 1:31:29]} 4. e5
{[%clk 1:32:08]} c5 {[%clk 1:31:45]} 5. a3 {[%clk 1:32:27]} Bxc3+
{[%clk 1:31:59]} 6. bxc3 {[%clk 1:32:53]} Qa5 {[%clk 1:32:08]} 7. Bd2
{[%clk 1:33:16]} Qa4 {[%clk 1:31:54]} 8. Qb1 {[%clk 1:33:40]} c4 {[%clk 1:31:54]}
9. Ne2 {[%clk 1:34:05]} Nc6 {[%clk 1:30:18]} 10. Ng3 {[%clk 1:34:13]} Nge7
{[%clk 1:26:34]} 11. Nh5 {[%clk 1:33:40]} Rg8 {[%clk 1:23:20]} 12. Ra2
{[%clk 1:30:05]} Bd7 {[%clk 1:19:28]} 13. g3 {[%clk 1:24:03]} O-O-O
{[%clk 1:15:01]} 14. Bh3 {[%clk 1:23:46]} Rdf8 {[%clk 1:06:03]} 15. O-O
{[%clk 1:21:56]} b6 {[%clk 0:54:14]} 16. Re1 {[%clk 1:19:14]} Nf5
{[%clk 0:38:21]} 17. Qd1 {[%clk 1:18:10]} Nce7 {[%clk 0:35:03]} 18. Re2
{[%clk 1:09:21]} Qc6 {[%clk 0:29:30]} 19. Qe1 {[%clk 1:03:54]} Kb7
{[%clk 0:26:20]} 20. a4 {[%clk 1:02:47]} h6 {[%clk 0:25:44]} 21. Bc1
{[%clk 1:00:01]} Rc8 {[%clk 0:21:36]} 22. a5 {[%clk 0:58:56]} b5 {[%clk 0:21:05]}
23. Ba3 {[%clk 0:54:37]} g6 {[%clk 0:19:52]} 24. Nf6 {[%clk 0:54:11]} Rh8
{[%clk 0:20:03]} 25. Bg2 {[%clk 0:52:28]} Ng8 {[%clk 0:18:01]} 26. Ne4
{[%clk 0:50:43]} h5 {[%clk 0:15:16]} 27. h3 {[%clk 0:49:11]} Ngh6
{[%clk 0:13:54]} 28. Ra1 {[%clk 0:48:01]} a6 {[%clk 0:13:16]} 29. Bc5
{[%clk 0:47:07]} Kb8 {[%clk 0:12:51]} 30. Bb6 {[%clk 0:46:39]} Qb7
{[%clk 0:12:09]} 31. Nc5 {[%clk 0:46:45]} Rxc5 {[%clk 0:12:35]} 32. Bxc5
{[%clk 0:47:06]} Bc6 {[%clk 0:12:25]} 33. Qd2 {[%clk 0:47:03]} Qd7
{[%clk 0:12:08]} 34. Qg5 {[%clk 0:45:55]} Qd8 {[%clk 0:12:23]} 35. Qxd8+
{[%clk 0:42:51]} Rxd8 {[%clk 0:12:50]} 36. Bf3 {[%clk 0:43:10]} Kc8
{[%clk 0:11:35]} 37. Kg2 {[%clk 0:42:46]} Kd7 {[%clk 0:10:39]} 38. Rh1
{[%clk 0:42:28]} Rg8 {[%clk 0:10:37]} 39. Ba3 {[%clk 0:42:24]} h4
{[%clk 0:10:05]} 40. Bg4 {[%clk 1:10:45]} g5 {[%clk 0:38:10]} 41. Bxf5
{[%clk 1:09:48]} Nxf5 {[%clk 0:31:14]} 42. g4 {[%clk 1:09:32]} Ne7
{[%clk 0:27:54]} 43. Rf1 {[%clk 1:09:46]} b4 {[%clk 0:27:52]} 44. cxb4
{[%clk 1:08:37]} c3 {[%clk 0:28:02]} 45. Re3 {[%clk 1:08:39]} Bb5
{[%clk 0:28:11]} 46. Rfe1 {[%clk 1:06:46]} Rc8 {[%clk 0:23:28]} 47. Rf3
{[%clk 1:05:59]} Ke8 {[%clk 0:23:53]} 48. Bc1 {[%clk 1:06:00]} Rc4
{[%clk 0:24:19]} 49. Ree3 {[%clk 0:56:24]} Rxb4 {[%clk 0:18:56]} 50. Rxc3
{[%clk 0:55:39]} Bc4 {[%clk 0:17:12]} 51. Bxg5 {[%clk 0:54:47]} Ng6
{[%clk 0:17:03]} 52. Rf6 {[%clk 0:53:26]} Rb2 {[%clk 0:12:07]} 53. Rcf3
{[%clk 0:52:03]} Be2 {[%clk 0:12:31]} 54. Rxf7 {[%clk 0:51:40]} Bxf3+
{[%clk 0:12:57]} 55. Rxf3 {[%clk 0:52:03]} Rxc2 {[%clk 0:13:17]} 56. Rf6
{[%clk 0:52:27]} Nf8 {[%clk 0:13:08]} 57. Bh6 {[%clk 0:52:46]} Nd7
{[%clk 0:13:12]} 58. Rxe6+ {[%clk 0:53:04]} 1-0

[Event "European Youth Chess Championship B14"]
[Site "Prague, Top Hotel Prague"]
[Date "2012.08.18"]
[Round "2.3"]
[White "Winiarski, Mikolaj"]
[Black "Bellahcene, Bilel"]
[Result "0-1"]
[WhiteElo "2031"]
[BlackElo "2390"]
[PlyCount "0"]
[EventDate "2012.08.17"]

1. e4 {[%clk 1:30:53]} e5 {[%clk 1:30:56]} 2. Nf3 {[%clk 1:31:10]} Nc6
{[%clk 1:30:50]} 3. Nc3 {[%clk 1:31:34]} Nf6 {[%clk 1:28:54]} 4. Nxe5
{[%clk 1:31:51]} Nxe5 {[%clk 1:27:53]} 5. d4 {[%clk 1:32:16]} Ng6
{[%clk 1:18:52]} 6. e5 {[%clk 1:32:36]} Ng8 {[%clk 1:15:41]} 7. Bc4
{[%clk 1:32:57]} d5 {[%clk 1:14:38]} 8. Bxd5 {[%clk 1:33:00]} c6 {[%clk 1:13:34]}
9. Bb3 {[%clk 1:31:14]} Bb4 {[%clk 1:10:42]} 10. Qf3 {[%clk 1:28:38]} Be6
{[%clk 1:09:53]} 11. Bxe6 {[%clk 1:28:50]} fxe6 {[%clk 1:10:10]} 12. Qg4
{[%clk 1:19:18]} N8e7 {[%clk 1:08:19]} 13. Bg5 {[%clk 1:13:30]} Qd5
{[%clk 1:05:28]} 14. O-O {[%clk 1:03:35]} Bxc3 {[%clk 1:05:54]} 15. bxc3
{[%clk 1:03:54]} h5 {[%clk 1:05:51]} 16. Qe2 {[%clk 1:03:42]} Nf5
{[%clk 1:04:37]} 17. a4 {[%clk 0:55:23]} Nfh4 {[%clk 0:59:35]} 18. f4
{[%clk 0:48:17]} Nf5 {[%clk 0:59:42]} 19. Rad1 {[%clk 0:42:02]} b5
{[%clk 0:58:13]} 20. axb5 {[%clk 0:41:54]} cxb5 {[%clk 0:58:38]} 21. Rb1
{[%clk 0:41:11]} a6 {[%clk 0:58:48]} 22. Rb3 {[%clk 0:29:29]} Kf7
{[%clk 0:58:57]} 23. Rfb1 {[%clk 0:28:35]} Rac8 {[%clk 0:59:19]} 24. Ra3
{[%clk 0:21:23]} Rxc3 {[%clk 0:58:17]} 25. Rxa6 {[%clk 0:21:46]} Qxd4+
{[%clk 0:58:43]} 26. Kh1 {[%clk 0:21:54]} h4 {[%clk 0:59:07]} 0-1

[Event "European Youth Chess Championship B14"]
[Site "Prague, Top Hotel Prague"]
[Date "2012.08.18"]
[Round "2.4"]
[White "Sanal, Vahap"]
[Black "Ptacek, Tomas"]
[Result "1-0"]
[PlyCount "0"]
[BlackElo "2019"]
[WhiteElo "2387"]

1. e4 {[%clk 1:30:55]} e6 {[%clk 1:30:40]} 2. d4 {[%clk 1:31:15]} d5
{[%clk 1:31:01]} 3. Nd2 {[%clk 1:31:31]} c5 {[%clk 1:31:21]} 4. exd5
{[%clk 1:30:56]} exd5 {[%clk 1:31:44]} 5. Ngf3 {[%clk 1:30:47]} Nf6
{[%clk 1:30:22]} 6. Bb5+ {[%clk 1:30:50]} Bd7 {[%clk 1:30:32]} 7. Bxd7+
{[%clk 1:30:43]} Nbxd7 {[%clk 1:30:21]} 8. O-O {[%clk 1:29:59]} Be7
{[%clk 1:30:33]} 9. dxc5 {[%clk 1:28:01]} Nxc5 {[%clk 1:29:42]} 10. Re1
{[%clk 1:27:25]} O-O {[%clk 1:29:38]} 11. Nb3 {[%clk 1:27:28]} Nce4
{[%clk 1:26:21]} 12. Nbd4 {[%clk 1:26:55]} Bc5 {[%clk 1:01:49]} 13. h3
{[%clk 1:16:57]} Re8 {[%clk 0:53:36]} 14. Be3 {[%clk 1:14:50]} Qb6
{[%clk 0:45:46]} 15. Rb1 {[%clk 1:13:53]} a5 {[%clk 0:32:56]} 16. a4
{[%clk 1:11:09]} Nd6 {[%clk 0:28:49]} 17. b3 {[%clk 0:49:23]} Re4
{[%clk 0:16:55]} 18. Qd3 {[%clk 0:47:43]} Rae8 {[%clk 0:16:48]} 19. c3
{[%clk 0:45:10]} h6 {[%clk 0:14:06]} 20. Red1 {[%clk 0:44:13]} Qc7
{[%clk 0:08:51]} 21. Nd2 {[%clk 0:40:57]} R4e7 {[%clk 0:04:20]} 22. b4
{[%clk 0:40:10]} axb4 {[%clk 0:03:35]} 23. cxb4 {[%clk 0:40:28]} Bxd4
{[%clk 0:01:53]} 24. Bxd4 {[%clk 0:40:33]} Nde4 {[%clk 0:02:00]} 25. Nf1
{[%clk 0:39:01]} Nh5 {[%clk 0:00:50]} 26. Rbc1 {[%clk 0:35:09]} Qd7
{[%clk 0:00:54]} 27. Qf3 {[%clk 0:35:09]} Nhf6 {[%clk 0:00:37]} 28. b5
{[%clk 0:34:47]} Ng5 {[%clk 0:00:41]} 29. Qd3 {[%clk 0:32:52]} Nh5
{[%clk 0:00:47]} 30. Be3 {[%clk 0:22:53]} Nf6 {[%clk 0:01:06]} 31. Bf4
{[%clk 0:19:35]} Qe6 {[%clk 0:00:41]} 32. Ne3 {[%clk 0:19:40]} Rd8
{[%clk 0:00:37]} 33. Nf5 {[%clk 0:15:05]} Ree8 {[%clk 0:01:06]} 34. Rc7
{[%clk 0:09:15]} Qe4 {[%clk 0:01:19]} 35. Qxe4 {[%clk 0:07:22]} Rxe4
{[%clk 0:01:27]} 36. Bxg5 {[%clk 0:06:55]} hxg5 {[%clk 0:01:55]} 37. a5
{[%clk 0:07:18]} Rb8 {[%clk 0:00:38]} 38. Nd6 {[%clk 0:06:58]} Rb4
{[%clk 0:01:07]} 39. b6 {[%clk 0:06:59]} Ra4 {[%clk 0:00:39]} 40. Rxb7
{[%clk 0:33:16]} Rxb7 {[%clk 0:30:40]} 41. Nxb7 {[%clk 0:33:39]} Kf8
{[%clk 0:30:25]} 42. Rb1 {[%clk 0:27:11]} Nd7 {[%clk 0:26:07]} 43. Rb5
{[%clk 0:27:21]} d4 {[%clk 0:25:42]} 44. Rd5 {[%clk 0:27:29]} Ra1+
{[%clk 0:25:08]} 45. Kh2 {[%clk 0:27:55]} 1-0

[Event "European Youth Chess Championship B14"]
[Site "Prague, Top Hotel Prague"]
[Date "2012.08.18"]
[Round "2.5"]
[White "Ladopoulos, Dimitrios"]
[Black "Ali Marandi, Cemil Can"]
[Result "0-1"]
[PlyCount "0"]
[BlackElo "2362"]
[WhiteElo "2027"]

1. c4 {[%clk 1:30:52]} e5 {[%clk 1:30:02]} 2. Nc3 {[%clk 1:31:14]} Nf6
{[%clk 1:30:24]} 3. g3 {[%clk 1:30:53]} d5 {[%clk 1:30:43]} 4. cxd5
{[%clk 1:31:15]} Nxd5 {[%clk 1:31:11]} 5. Bg2 {[%clk 1:31:09]} Nb6
{[%clk 1:31:39]} 6. Nf3 {[%clk 1:31:27]} Nc6 {[%clk 1:32:08]} 7. O-O
{[%clk 1:31:39]} Be7 {[%clk 1:32:33]} 8. a3 {[%clk 1:31:44]} O-O {[%clk 1:33:01]}
9. d3 {[%clk 1:28:15]} Be6 {[%clk 1:32:32]} 10. b4 {[%clk 1:26:37]} a5
{[%clk 1:30:44]} 11. b5 {[%clk 1:19:37]} Nd4 {[%clk 1:31:04]} 12. Nxe5
{[%clk 0:54:18]} Bf6 {[%clk 1:30:23]} 13. f4 {[%clk 0:54:22]} Nb3
{[%clk 1:30:18]} 14. Bb2 {[%clk 0:52:48]} Nxa1 {[%clk 1:30:24]} 15. Qxa1
{[%clk 0:52:43]} Bxe5 {[%clk 1:10:22]} 16. fxe5 {[%clk 0:52:42]} Nd5
{[%clk 1:10:40]} 17. Qc1 {[%clk 0:45:36]} Nxc3 {[%clk 1:10:58]} 18. Qxc3
{[%clk 0:44:28]} c6 {[%clk 1:10:45]} 19. bxc6 {[%clk 0:43:34]} bxc6
{[%clk 1:06:43]} 20. Qxc6 {[%clk 0:32:29]} Rc8 {[%clk 1:07:04]} 21. Qa4
{[%clk 0:32:26]} Bd5 {[%clk 1:03:12]} 22. Bh3 {[%clk 0:18:37]} Rb8
{[%clk 0:54:32]} 23. Qd4 {[%clk 0:17:51]} Qc7 {[%clk 0:50:24]} 24. e6
{[%clk 0:13:49]} fxe6 {[%clk 0:49:41]} 25. Qe5 {[%clk 0:05:56]} Rxf1+
{[%clk 0:48:52]} 26. Bxf1 {[%clk 0:06:13]} Qb7 {[%clk 0:48:38]} 27. Bc3
{[%clk 0:04:59]} Rf8 {[%clk 0:47:31]} 28. e4 {[%clk 0:04:37]} Qf7
{[%clk 0:45:47]} 29. Bg2 {[%clk 0:02:22]} Bb3 {[%clk 0:42:01]} 30. h4
{[%clk 0:01:52]} Bc2 {[%clk 0:40:39]} 31. d4 {[%clk 0:00:38]} Bb3
{[%clk 0:31:29]} 32. d5 {[%clk 0:00:35]} exd5 {[%clk 0:29:53]} 33. exd5
{[%clk 0:01:03]} Re8 {[%clk 0:28:44]} 34. Qd4 {[%clk 0:00:36]} Re2
{[%clk 0:27:32]} 35. d6 {[%clk 0:00:36]} Be6 {[%clk 0:28:00]} 36. Bxa5
{[%clk 0:00:33]} Rxg2+ {[%clk 0:26:39]} 37. Kxg2 {[%clk 0:00:48]} Bd5+
{[%clk 0:27:08]} 38. Kh3 {[%clk 0:00:34]} Qf5+ {[%clk 0:26:55]} 39. Kh2
{[%clk 0:00:42]} Qf3 {[%clk 0:26:55]} 40. Qg1 {[%clk 0:30:39]} Qe2+
{[%clk 0:54:28]} 41. Kh3 {[%clk 0:26:37]} h5 {[%clk 0:54:28]} 42. g4
{[%clk 0:19:14]} hxg4+ {[%clk 0:54:40]} 0-1

[Event "European Youth Chess Championship B14"]
[Site "Prague, Top Hotel Prague"]
[Date "2012.08.18"]
[Round "2.6"]
[White "Korpa, Bence"]
[Black "Dvorak, Adam"]
[Result "1-0"]
[PlyCount "0"]
[BlackElo "2008"]
[WhiteElo "2317"]

1. e4 {[%clk 1:30:58]} c5 {[%clk 1:30:56]} 2. Nf3 {[%clk 1:31:14]} e6
{[%clk 1:31:21]} 3. d4 {[%clk 1:31:32]} cxd4 {[%clk 1:31:50]} 4. Nxd4
{[%clk 1:31:48]} a6 {[%clk 1:32:16]} 5. Bd3 {[%clk 1:32:01]} Nf6 {[%clk 1:31:21]}
6. O-O {[%clk 1:32:11]} Qc7 {[%clk 1:30:56]} 7. Qe2 {[%clk 1:32:20]} Nc6
{[%clk 1:22:17]} 8. Nxc6 {[%clk 1:32:10]} bxc6 {[%clk 1:20:55]} 9. e5
{[%clk 1:30:33]} Nd5 {[%clk 1:21:08]} 10. c4 {[%clk 1:10:56]} Nb4
{[%clk 1:15:13]} 11. Bf4 {[%clk 1:08:47]} Bb7 {[%clk 1:01:38]} 12. Be4
{[%clk 0:56:17]} a5 {[%clk 0:59:45]} 13. Nc3 {[%clk 0:52:33]} Na6
{[%clk 0:48:52]} 14. Rad1 {[%clk 0:51:14]} Be7 {[%clk 0:30:16]} 15. Bb1
{[%clk 0:49:08]} Nc5 {[%clk 0:28:01]} 16. Rfe1 {[%clk 0:41:35]} h5
{[%clk 0:25:09]} 17. Qe3 {[%clk 0:35:27]} O-O-O {[%clk 0:17:53]} 18. Bg5
{[%clk 0:27:25]} Bxg5 {[%clk 0:08:12]} 19. Qxg5 {[%clk 0:27:07]} Qb6
{[%clk 0:03:48]} 20. b3 {[%clk 0:16:18]} h4 {[%clk 0:04:02]} 21. Qe3
{[%clk 0:14:56]} Kc7 {[%clk 0:02:12]} 22. Rd6 {[%clk 0:13:28]} h3
{[%clk 0:02:22]} 23. g3 {[%clk 0:13:34]} f5 {[%clk 0:01:46]} 24. exf6
{[%clk 0:07:42]} gxf6 {[%clk 0:02:15]} 25. Qf4 {[%clk 0:06:46]} Kc8
{[%clk 0:01:33]} 26. Qxf6 {[%clk 0:06:40]} Rhf8 {[%clk 0:01:25]} 27. Qd4
{[%clk 0:06:50]} Kc7 {[%clk 0:00:31]} 28. Re5 {[%clk 0:05:46]} Na6
{[%clk 0:00:31]} 29. Nb5+ {[%clk 0:06:07]} 1-0

[Event "European Youth Chess Championship B14"]
[Site "Prague, Top Hotel Prague"]
[Date "2012.08.18"]
[Round "2.7"]
[White "Rydl, Jiri"]
[Black "Vavulin, Maksim"]
[Result "0-1"]
[PlyCount "0"]
[BlackElo "2292"]
[WhiteElo "2021"]

1. e4 {[%clk 1:30:56]} e5 {[%clk 1:30:55]} 2. Nf3 {[%clk 1:31:17]} Nc6
{[%clk 1:31:20]} 3. Bc4 {[%clk 1:31:28]} Nf6 {[%clk 1:31:44]} 4. d4
{[%clk 1:31:52]} exd4 {[%clk 1:32:10]} 5. e5 {[%clk 1:32:15]} d5 {[%clk 1:32:37]}
6. Bb5 {[%clk 1:32:39]} Ne4 {[%clk 1:32:56]} 7. Nxd4 {[%clk 1:33:02]} Bd7
{[%clk 1:33:23]} 8. Bxc6 {[%clk 1:33:22]} bxc6 {[%clk 1:33:48]} 9. O-O
{[%clk 1:33:44]} Bc5 {[%clk 1:34:14]} 10. f3 {[%clk 1:34:05]} Ng5
{[%clk 1:34:39]} 11. f4 {[%clk 1:34:30]} Ne4 {[%clk 1:35:03]} 12. Be3
{[%clk 1:34:54]} Bb6 {[%clk 1:35:28]} 13. Nd2 {[%clk 1:33:29]} Nxd2
{[%clk 1:35:51]} 14. Qxd2 {[%clk 1:33:54]} c5 {[%clk 1:36:14]} 15. Nb3
{[%clk 1:34:20]} d4 {[%clk 1:36:38]} 16. Bf2 {[%clk 1:34:45]} Bb5
{[%clk 1:36:58]} 17. Rfe1 {[%clk 1:34:29]} Qd5 {[%clk 1:37:17]} 18. Qd1
{[%clk 1:11:13]} h5 {[%clk 1:09:39]} 19. a4 {[%clk 0:44:33]} Bc6 {[%clk 1:10:02]}
20. Qf3 {[%clk 0:44:58]} Qxf3 {[%clk 0:50:35]} 21. gxf3 {[%clk 0:45:09]} a5
{[%clk 0:51:04]} 22. Nd2 {[%clk 0:45:21]} h4 {[%clk 0:49:25]} 23. Kf1
{[%clk 0:38:18]} Bb7 {[%clk 0:39:37]} 24. b3 {[%clk 0:37:26]} Ba6+
{[%clk 0:34:42]} 25. Nc4 {[%clk 0:36:38]} Rb8 {[%clk 0:33:55]} 26. Ke2
{[%clk 0:34:11]} Ke7 {[%clk 0:32:02]} 27. Rg1 {[%clk 0:25:02]} g6
{[%clk 0:31:21]} 28. Kd3 {[%clk 0:21:39]} Rh5 {[%clk 0:28:35]} 29. Rg5
{[%clk 0:18:15]} Rbh8 {[%clk 0:24:34]} 30. Rag1 {[%clk 0:17:27]} Bc8
{[%clk 0:15:53]} 31. Na3 {[%clk 0:12:58]} Bf5+ {[%clk 0:15:51]} 32. Kd2
{[%clk 0:12:56]} R5h7 {[%clk 0:13:43]} 33. Rd1 {[%clk 0:11:51]} Rd8
{[%clk 0:11:21]} 34. Rgg1 {[%clk 0:11:15]} c4 {[%clk 0:09:45]} 35. Kc1
{[%clk 0:01:49]} cxb3 {[%clk 0:08:48]} 36. cxb3 {[%clk 0:02:11]} d3
{[%clk 0:03:18]} 37. Bxb6 {[%clk 0:02:00]} cxb6 {[%clk 0:03:47]} 38. Kd2
{[%clk 0:01:36]} Rd4 {[%clk 0:03:09]} 39. Nc4 {[%clk 0:01:31]} Rh8
{[%clk 0:02:18]} 40. Ke3 {[%clk 0:30:55]} Rhd8 {[%clk 0:32:21]} 41. Rd2
{[%clk 0:27:23]} Be6 {[%clk 0:22:50]} 42. Rc1 {[%clk 0:22:02]} Bxc4
{[%clk 0:11:03]} 43. Rxc4 {[%clk 0:21:17]} Rxc4 {[%clk 0:09:27]} 44. bxc4
{[%clk 0:21:42]} Ke6 {[%clk 0:09:49]} 45. Ke4 {[%clk 0:02:33]} Rc8
{[%clk 0:10:05]} 46. Rxd3 {[%clk 0:01:32]} Rxc4+ {[%clk 0:10:30]} 47. Ke3
{[%clk 0:01:04]} Rxa4 {[%clk 0:04:02]} 48. Rd6+ {[%clk 0:01:29]} Ke7
{[%clk 0:04:29]} 49. Rxb6 {[%clk 0:01:55]} Rb4 {[%clk 0:03:56]} 50. Ra6
{[%clk 0:01:54]} a4 {[%clk 0:04:18]} 51. h3 {[%clk 0:01:58]} Rc4 {[%clk 0:03:27]}
52. Ra7+ {[%clk 0:02:04]} Ke6 {[%clk 0:03:52]} 53. Ra6+ {[%clk 0:02:29]} Kd5
{[%clk 0:03:14]} 54. Ra5+ {[%clk 0:01:37]} Kc6 {[%clk 0:03:33]} 55. Ra7
{[%clk 0:01:21]} Rc3+ {[%clk 0:02:10]} 56. Ke4 {[%clk 0:00:51]} a3
{[%clk 0:02:13]} 57. Rxf7 {[%clk 0:00:58]} Rc4+ {[%clk 0:01:52]} 58. Ke3
{[%clk 0:01:06]} Ra4 {[%clk 0:02:13]} 59. Rf6+ {[%clk 0:01:15]} Kc7
{[%clk 0:02:35]} 60. Rxg6 {[%clk 0:01:34]} a2 {[%clk 0:02:55]} 61. Rg1
{[%clk 0:01:44]} a1=Q {[%clk 0:03:16]} 62. Rxa1 {[%clk 0:02:10]} Rxa1
{[%clk 0:03:41]} 63. f5 {[%clk 0:01:49]} Rg1 {[%clk 0:02:37]} 64. Ke4
{[%clk 0:01:32]} Kd7 {[%clk 0:02:39]} 65. f4 {[%clk 0:01:17]} Rg3
{[%clk 0:02:52]} 66. f6 {[%clk 0:01:13]} Ke6 {[%clk 0:03:09]} 67. f5+
{[%clk 0:01:36]} Kf7 {[%clk 0:03:35]} 68. Kd5 {[%clk 0:01:33]} Rd3+
{[%clk 0:03:44]} 69. Kc6 {[%clk 0:01:58]} Rxh3 {[%clk 0:03:46]} 70. e6+
{[%clk 0:02:24]} Kxf6 {[%clk 0:04:11]} 71. Kd7 {[%clk 0:02:48]} Rd3+
{[%clk 0:04:33]} 72. Ke8 {[%clk 0:03:12]} h3 {[%clk 0:04:55]} 0-1

[Event "European Youth Chess Championship B14"]
[Site "Prague, Top Hotel Prague"]
[Date "2012.08.18"]
[Round "2.8"]
[White "Petrosyan, Manuel"]
[Black "Petr, Jan"]
[Result "1-0"]
[PlyCount "0"]
[BlackElo "2001"]
[WhiteElo "2286"]

1. d4 {[%clk 1:30:24]} Nf6 {[%clk 1:30:56]} 2. Nf3 {[%clk 1:30:45]} e6
{[%clk 1:31:20]} 3. e3 {[%clk 1:31:08]} b6 {[%clk 1:31:13]} 4. Bd3
{[%clk 1:31:24]} Bb7 {[%clk 1:30:37]} 5. c4 {[%clk 1:31:47]} Ne4 {[%clk 1:21:15]}
6. O-O {[%clk 1:29:31]} Be7 {[%clk 1:19:43]} 7. Nc3 {[%clk 1:29:50]} Nxc3
{[%clk 1:14:32]} 8. bxc3 {[%clk 1:29:42]} d6 {[%clk 1:14:31]} 9. e4
{[%clk 1:27:07]} c5 {[%clk 1:13:32]} 10. Qe2 {[%clk 1:23:46]} Nd7
{[%clk 1:03:18]} 11. Be3 {[%clk 1:21:51]} e5 {[%clk 0:58:06]} 12. Rae1
{[%clk 1:15:34]} Bf6 {[%clk 0:42:59]} 13. d5 {[%clk 1:15:23]} Qe7
{[%clk 0:41:10]} 14. g3 {[%clk 1:14:41]} g5 {[%clk 0:35:21]} 15. h3
{[%clk 1:10:23]} O-O-O {[%clk 0:34:02]} 16. Rb1 {[%clk 1:08:43]} Rdg8
{[%clk 0:32:13]} 17. Nh2 {[%clk 1:03:14]} h5 {[%clk 0:28:37]} 18. Rb3
{[%clk 1:02:40]} Nf8 {[%clk 0:23:59]} 19. a4 {[%clk 0:56:51]} Qd7
{[%clk 0:21:51]} 20. Kg2 {[%clk 0:56:27]} Ng6 {[%clk 0:15:48]} 21. Qf3
{[%clk 0:50:09]} Bd8 {[%clk 0:15:18]} 22. a5 {[%clk 0:36:34]} Qxh3+
{[%clk 0:11:38]} 23. Kxh3 {[%clk 0:36:13]} g4+ {[%clk 0:12:07]} 24. Kg2
{[%clk 0:35:54]} gxf3+ {[%clk 0:12:35]} 25. Kxf3 {[%clk 0:33:18]} bxa5
{[%clk 0:11:29]} 26. Ke2 {[%clk 0:26:35]} f6 {[%clk 0:10:31]} 27. Rbb1
{[%clk 0:23:54]} Bb6 {[%clk 0:09:42]} 28. Nf3 {[%clk 0:23:05]} Kc7
{[%clk 0:09:27]} 29. Rh1 {[%clk 0:22:40]} Bc8 {[%clk 0:09:21]} 30. Nh4
{[%clk 0:20:37]} Nxh4 {[%clk 0:07:09]} 31. Rxh4 {[%clk 0:20:52]} Bg4+
{[%clk 0:07:09]} 32. Kd2 {[%clk 0:20:46]} Kb7 {[%clk 0:01:23]} 33. Be2
{[%clk 0:20:11]} Ka6 {[%clk 0:00:34]} 34. Rbh1 {[%clk 0:18:52]} Bxe2
{[%clk 0:00:47]} 35. Kxe2 {[%clk 0:19:22]} Rb8 {[%clk 0:00:57]} 36. Kd3
{[%clk 0:17:10]} Bc7 {[%clk 0:01:00]} 37. g4 {[%clk 0:14:05]} a4 {[%clk 0:00:44]}
38. gxh5 {[%clk 0:12:30]} Ba5 {[%clk 0:00:34]} 39. Ra1 {[%clk 0:12:20]} Rb3
{[%clk 0:00:41]} 40. Rxa4 {[%clk 0:42:31]} Rxc3+ {[%clk 0:30:55]} 41. Ke2
{[%clk 0:42:28]} Rc2+ {[%clk 0:18:37]} 42. Kf3 {[%clk 0:37:11]} Kb6
{[%clk 0:16:06]} 43. Rh1 {[%clk 0:37:06]} Bc3 {[%clk 0:08:42]} 44. Rb1+
{[%clk 0:35:47]} Rb2 {[%clk 0:08:50]} 45. Rxb2+ {[%clk 0:36:11]} Bxb2
{[%clk 0:09:10]} 46. Rb4+ {[%clk 0:36:39]} Kc7 {[%clk 0:08:10]} 47. Rxb2
{[%clk 0:36:54]} Rxh5 {[%clk 0:08:37]} 48. Kg4 {[%clk 0:36:22]} Rh1
{[%clk 0:06:43]} 49. Kf5 {[%clk 0:36:00]} Rh4 {[%clk 0:06:40]} 50. Rb5
{[%clk 0:33:27]} Rh5+ {[%clk 0:04:37]} 51. Kxf6 {[%clk 0:33:06]} Rh4
{[%clk 0:04:54]} 52. Kf5 {[%clk 0:33:25]} Rh5+ {[%clk 0:05:21]} 53. Ke6
{[%clk 0:33:43]} Rh4 {[%clk 0:04:36]} 54. Bxc5 {[%clk 0:32:06]} Rh6+
{[%clk 0:04:34]} 55. Kf5 {[%clk 0:32:25]} dxc5 {[%clk 0:04:34]} 56. Rxc5+
{[%clk 0:32:48]} Kb6 {[%clk 0:04:02]} 57. Rb5+ {[%clk 0:33:02]} Ka6
{[%clk 0:03:58]} 58. Rb2 {[%clk 0:33:25]} 1-0